Detalles MARC
| 000 -LIDER |
| fixed length control field |
01175cam a22003857 4500 |
| 001 - NÚMERO DE CONTROL |
| Identificador de número de control |
a47271 |
| 003 - IDENTIFICACDOR DE NÚMERO DE CONTROL |
| control field |
DO-SdBNP |
| 005 - DATE AND TIME OF LATEST TRANSACTION |
| control field |
20240725114232.0 |
| 007 - CAMPOS FIJOS DE DESCRIPCIÓN FÍSICA |
| fixed length control field |
a47271 |
| 008 - ELEMENTOS DE LONGITUD FIJA |
| fixed length control field |
100414s2010 mx | |||| 000 1 spa |
| 015 ## - NÚMERO DENTRO DE LA BIBLIOGRAFÍA NACIONAL |
| National bibliography number |
|
| 017 ## - NÚMERO DE REGISTRO DE DERECHOS DE AUTOR |
| Copyright or legal deposit number |
|
| Assigning agency |
|
| 020 ## - ISBN |
| International Standard Book Number |
9789707804289 |
| 035 ## - NÚMERO LOCAL |
| System control number |
|
| 040 ## - FUENTE DE CATALOGACIÓN |
| Agencia que crea de manera original el registro |
BPMSU |
| Idioma de catalogación |
spa |
| Agencia que realiza la transcripción |
BPMSU |
| Convenciones de la despripción |
|
| 041 1# - CÓDIGOS DE OBRAS TRADUCIDAS O EN VARIOS IDIOMAS |
| Código del idioma del texto/archivo de sonido o separata |
spa |
| Cód. del idioma original y/o traducciones intermedias del texto |
|
| 080 ## - NÚMERO DE CLASIFICACIÓN DECIMAL UNIVERSAL |
| Universal Decimal Classification number |
|
| 082 #4 - NÚMERO DE CLASIFICACIÓN DECIMAL DE DEWEY |
| Classification number |
920.72 |
| Item number |
F828d 2010 |
| Edition number |
22 |
| 100 1# - ASIENTO PRINCIPAL -- NOMBRE PERSONAL |
| Nombre personal |
Frank, Ana |
| Fechas asociadas con el nombre |
1929-1945 |
| 245 13 - MENCIÓN DE TITULO |
| Título |
El diario de Ana Frank / |
| Mención de responsabilidad |
Ana Frank ; Rondon House Mondarori |
| Medio (Designación general de material) |
|
| 250 ## - MENCIÓN DE EDICION |
| Mención de edición |
|
| 260 ## - PUBLICACIÓN, DISTRIBUCIÓN, ETC. (PIE DE IMPRENTA) |
| Lugar de publicación, distribución, etc |
México : |
| Nombre del editor, distribuidor, etc. |
Grijalbo, |
| Fecha de publicación, distribución, etc |
2010 |
| 300 ## - DESCRIPCIÓN FÍSICA |
| Extensión |
127 p. ; |
| Dimensiones |
21 cm |
| 490 0# - MENCIÓN DE SERIES |
| Mención de serie |
Biblioteca escolar; |
| -- |
compendio de grandes clásicos |
| 534 ## - NOTA SOBRE LA VERSIÓN ORIGINAL |
| Frase introductoria |
Título original : |
| Mención del título original |
The diary of Anne Frank |
| 590 ## - NOTA LOCAL |
| Texto de la nota local |
Inventariado, 2024/VM |
| 600 14 - ENCABEZAMIENTO DE MATERIA--NOMBRE PERSONAL |
| Nombre personal |
Frank, Anne |
| Fechas asociadas con el nombre |
1929-1945 |
| Subdivisión temática general |
Autobiografías |
| Título de una obra |
|
| Fuente del encabezado o término |
|
| 650 #4 - ENCABEZAMIENTO DE MATERIA--TEMÁTICO |
| Término temático o nombre geográfico como elemento de entrada |
Diarios alemanes |
| 650 #4 - ENCABEZAMIENTO DE MATERIA--TEMÁTICO |
| Término temático o nombre geográfico como elemento de entrada |
Persecuciones a los judíos |
| Subdivisión de forma |
Relatos personales |
| 650 #4 - ENCABEZAMIENTO DE MATERIA--TEMÁTICO |
| Término temático o nombre geográfico como elemento de entrada |
Holocausto judío |
| Subdivisión cronológica |
1939-1945 |
| Subdivisión de forma |
Relatos personales |
| 650 #4 - ENCABEZAMIENTO DE MATERIA--TEMÁTICO |
| Término temático o nombre geográfico como elemento de entrada |
Guerra Mundial II |
| Subdivisión cronológica |
1939-1945 |
| 700 1# - ASIENTO SECUNDARIO -- NOMBRE PERSONAL |
| Nombre personal |
House Mondarori, Rondon |
| Fechas asociadas con el nombre |
1890-1984 |
| 910 ## - VALIDACIÓN |
| Validación |
VMateo V. Control de calidad. BPMSU |
| 942 ## - ADDED ENTRY ELEMENTS (KOHA) |
| Source of classification or shelving scheme |
Dewey Decimal Classification |
| Koha item type |
Libros |